Dependencia y relaciones internacionales /

Kaydedildi:
Detaylı Bibliyografya
Yazar: Caputo, Orlando
Diğer Yazarlar: Pizarro, Roberto
Materyal Türü: Metin
Baskı/Yayın Bilgisi: San José: EDUCA
Etiketler: Etiketle
Etiket eklenmemiş, İlk siz ekleyin!

MARC

LEADER 00000 a a2200000 04500
001 23029
003
040
020 |a 84-8360-101-X  
090 |a 158700  
100 |a Caputo, Orlando  
245 |a Dependencia y relaciones internacionales /  |c Orlando Caputo 
260 |a San José:   |b EDUCA  
300 |a 284 p.  
700 |a Pizarro, Roberto  
999 |c 12383  |d 12383